Educational testing for the millions ; what tests really mean for your child /

Bibliographic Details
Main Author: Hawes, Gene R.
Format: Book
Language:English
Published: New York : McGraw-Hill, [1964]
Edition:[1st ed.].
Subjects:

MARC

Tag First Indicator Second Indicator Subfields
LEADER 00000cam a2200000 4500
001 in00000084656
005 20151008053203.0
008 711227s1964 nyua 00010 eng
010 |a  64024108  
035 |a (OCoLC)00187342 
035 |9 AAH6575AM 
040 |a DLC  |c WSU  |d OCL  |d TXA  |d UtOrBLW 
049 |a TXAM  |c 2 [413005]  
050 0 0 |a LB3051  |b .H37 
082 0 |a 371.26 
092 |a 371.26  |b H391e, 1964 
100 1 |a Hawes, Gene R. 
245 1 0 |a Educational testing for the millions ;  |b what tests really mean for your child /  |c by Gene R. Hawes. With a foreword by David B. Truman. 
250 |a [1st ed.]. 
264 1 |a New York :  |b McGraw-Hill,  |c [1964] 
300 |a xi, 290 pages :  |b illustrations, forms. ;  |c 21 cm. 
336 |a text  |b txt  |2 rdacontent 
337 |a unmediated  |b n  |2 rdamedia 
338 |a volume  |b nc  |2 rdacarrier 
650 0 |a Educational tests and measurements. 
999 |a MARS 
999 f f |s 6105135e-cd2c-3c28-9428-5afe208c1847  |i dcf77433-1d4a-36e8-ba8b-e450f6afbf63  |t 0 
952 f f |p ric  |a Texas A&M University  |b Rellis Campus  |c Joint Library Facility  |d Remote Storage  |t 0  |e LB3051 .H37  |h Library of Congress classification  |i unmediated -- volume  |m A14800833183 
998 f f |a LB3051 .H37  |t 0  |l Remote Storage